LEADER 00919nam0-22003131i-450- 001 990005757200403321 005 20051219105121.0 010 $a2867180015 035 $a000575720 035 $aFED01000575720 035 $a(Aleph)000575720FED01 035 $a000575720 100 $a19990604d1982----km-y0itay50------ba 101 0 $afre 105 $ay-------001yy 200 1 $a<>belle epoque$e(1898-1914)$fAndrè Rossel 210 $aParis$cA l'enseigne de l'arbre verdoyant$dc1982 215 $a318 p.$d34 cm 225 1 $aHistoire de France a travers les jouranux du temps passé 610 0 $aFrancia$aStoria$a1898-1914$aFonti 676 $a944.0813$v21$zita 700 1$aRossel,$bAndré$0495128 801 0$aIT$bUNINA$gRICA$2UNIMARC 901 $aBK 912 $a990005757200403321 952 $a944.081 ROS 1$bBIBL. 59575$fFLFBC 959 $aFLFBC 996 $aBelle epoque$9570439 997 $aUNINA LEADER 03618nam 22007095 450 001 9910869181603321 005 20251113181516.0 010 $a9783031639135 024 7 $a10.1007/978-3-031-63913-5 035 $a(CKB)32609768500041 035 $a(MiAaPQ)EBC31507296 035 $a(Au-PeEL)EBL31507296 035 $a(DE-He213)978-3-031-63913-5 035 $a(OCoLC)1443678505 035 $a(EXLCZ)9932609768500041 100 $a20240630d2024 u| 0 101 0 $aeng 135 $aur||||||||||| 181 $ctxt$2rdacontent 182 $cc$2rdamedia 183 $acr$2rdacarrier 200 10$aAmbient Assisted Living $eForItAAL 2023 /$fedited by Mario Bochicchio, Pietro Siciliano, Andrea Monteriù, Alice Bettelli, Domenico De Fano 205 $a1st ed. 2024. 210 1$aCham :$cSpringer Nature Switzerland :$cImprint: Springer,$d2024. 215 $a1 online resource (243 pages) 225 1 $aLecture Notes in Bioengineering,$x2195-2728 311 08$a9783031639128 327 $aTowards the development of Human Action Recognition and monitoring system for Rehabilitation purposes: A feasibility study -- SAFE GYMS: IoT systems for safe and healthy sport and working environments -- Effects of Exergaming on motor performance in Parkinson?s disease: a pilot study using Azure Kinect -- Ageing in a more inclusive place thanks to the cultural heritage of Made in Italy. 330 $aThis book provides state-of-the-art information on ambient assisted living (AAL), and focuses on technologies, services, living spaces, policies, and interventions to promote health, improve quality of life, and active aging. It includes various research contributions, case studies, and projects where assistive technologies are successfully applied in the field, and it covers a wide range of topics: Tailoring products and services to the Aging society, Bio-data and Artificial sensing AAL scenarios, Cognition, and Technologies, and Designing for Inclusion and Well-Being. The volume gathers the refereed proceedings of the 12th Italian Forum on Ambient Assisted Living (ForItAAL), held in Bari, Italy on June 14-16, 2023. With its wide-ranging contributions to the topic, the book will inspire the readers and the researchers to continue their exploration of AAL technologies to support the development of products and services that make a real difference in people?s daily lives. 410 0$aLecture Notes in Bioengineering,$x2195-2728 606 $aBiomedical engineering 606 $aBiomaterials 606 $aAutomatic control 606 $aRobotics 606 $aAutomation 606 $aAge distribution (Demography) 606 $aBiomedical Engineering and Bioengineering 606 $aBiomedical Materials 606 $aControl, Robotics, Automation 606 $aAging Population 615 0$aBiomedical engineering. 615 0$aBiomaterials. 615 0$aAutomatic control. 615 0$aRobotics. 615 0$aAutomation. 615 0$aAge distribution (Demography) 615 14$aBiomedical Engineering and Bioengineering. 615 24$aBiomedical Materials. 615 24$aControl, Robotics, Automation. 615 24$aAging Population. 676 $a610.28 700 $aBochicchio$b Mario$01743283 701 $aSiciliano$b P$g(Pietro)$0307569 701 $aMonteriu?$b Andrea$00 701 $aBettelli$b Alice$01743284 701 $aDe Fano$b Domenico$01743285 801 0$bMiAaPQ 801 1$bMiAaPQ 801 2$bMiAaPQ 912 $a9910869181603321 996 $aAmbient Assisted Living$94170577 997 $aUNINA